Statistics for Lord of the Rings by letter - R

Click here to take the quiz!

General Stats

  • This quiz has been taken 259 times
  • The average score is 9 of 11

Answer Stats

Hint Answer % Correct
Theoden and Eomer are king hereRohan
99%
The One ...., The Ruling ...., The Great ...., The .... of PowerRing
99%
The Brown WizardRadagast the Brown
97%
Sam marries this member of the Cotton familyRosie Cotton
97%
The Lord of the ......Rings
96%
Imladris, house of ElrondRivendell
92%
The Riders of Rohan are also called thisRohirrim
86%
An other name for the DunedainRangers
83%
An other name for the NazgulRingwraiths
81%
Boromir's funeral boat goes over these FallsRauros
64%
Goldberry is also known as theRiver-daughter
43%

Score Distribution

Percentile by Number Answered

Percent of People with Each Score

Your Score History

You have not taken this quiz